[Event "Sparkassen Chess Trophy 2024 A-Open"]
[Site "Dortmund"]
[Date "2024.08.15"]
[Round "6"]
[White "Murawski, Jan"]
[Black "Wezel, Sebastian"]
[Result "1-0"]
[WhiteElo "2093"]
[BlackElo "1939"]
[PlyCount "79"]
[EventDate "2024.08.10"]

1. d4 Nf6 2. c4 g6 3. Nc3 Bg7 4. e4 d6 5. f3 O-O 6. Be3 c5 7. d5 e6 8. Qd2 exd5 9. cxd5 a6 10. a4 Re8 11. Be2 h5 12. Bg5 h4 13. Qc2 Qa5 14. Ra3 h3 15. g4 Nh7 16. Bf4 f5 17. Nxh3 fxe4 18. fxe4 Nd7 19. Bxd6 Bd4 20. Nf2 Ng5 21. e5 Kg7 22. h4 Nf7 23. e6 Nxd6 24. exd7 Rf8 25. Nfe4 Nxe4 26. dxc8=Q Bf2+ 27. Kd1 Nxc3+ 28. Rxc3 Raxc8 29. h5 Rf6 30. g5 Rf5 31. Qe4 Qd8 32. Kc2 Qxd5 33. Qxd5 Rxd5 34. Rf3 Bd4 35. Bd3 Rxg5 36. hxg6 Rg2+ 37. Kd1 c4 38. Be4 Rd8 39. Rf7+ Kg8 40. Bxg2 1-0

[Event "Sparkassen Chess Trophy 2024 A-Open"]
[Site "Dortmund"]
[Date "2024.08.15"]
[Round "6"]
[White "Zamengo, Bruno"]
[Black "Hoppe, Thilo"]
[Result "1/2-1/2"]
[WhiteElo "1932"]
[BlackElo "2101"]
[PlyCount "95"]
[EventDate "2024.08.10"]

1. e4 e6 2. d4 d5 3. e5 c5 4. c3 Nc6 5. Nf3 Bd7 6. Bd3 cxd4 7. O-O Qb6 8. Re1 Nge7 9. h4 Nf5 10. Bxf5 exf5 11. cxd4 Be7 12. Nc3 Be6 13. a3 a5 14. Rb1 h6 15. h5 g5 16. hxg6 fxg6 17. Na4 Qb5 18. Nc5 Bxc5 19. dxc5 Qxc5 20. b4 axb4 21. axb4 Qb5 22. Be3 Kf7 23. Qd2 Ra4 24. Bxh6 Rxb4 25. Qg5 Rxb1 26. Qf6+ Ke8 27. Qxh8+ Kd7 28. Rxb1 Qxb1+ 29. Kh2 Qb4 30. Bf8 Qf4+ 31. Kh1 Qc1+ 32. Ng1 Qg5 33. Qg7+ Ke8 34. Bd6 f4 35. Nf3 Qf5 36. Qxb7 Bd7 37. Qa8+ Nd8 38. Bc7 Bc8 39. Qxd5 Ne6 40. Bd6 g5 41. Qc6+ Bd7 42. Qa8+ Kf7 43. Qh8 g4 44. Nh4 Qg5 45. Qh7+ Ng7 46. Qh8 Ne6 47. Qh7+ Ng7 48. Qh8 1/2-1/2

[Event "Sparkassen Chess Trophy 2024 A-Open"]
[Site "Dortmund"]
[Date "2024.08.15"]
[Round "6"]
[White "Gasper, Joern"]
[Black "Matsumura, Cocoro"]
[Result "1-0"]
[WhiteElo "2000"]
[BlackElo "1999"]
[PlyCount "69"]
[EventDate "2024.08.10"]

1. Nf3 d5 2. b3 Nf6 3. Bb2 c5 4. e3 Nc6 5. Bb5 Bg4 6. h3 Bh5 7. g4 Bg6 8. Ne5 Qc7 9. h4 Be4 10. f3 Nxg4 11. fxe4 Ngxe5 12. exd5 a6 13. Bxc6+ bxc6 14. Qh5 Ng6 15. Qf3 cxd5 16. h5 Ne5 17. Qxd5 Qc6 18. Qxc6+ Nxc6 19. h6 Rg8 20. hxg7 Bxg7 21. Bxg7 Rxg7 22. Nc3 O-O-O 23. O-O-O Kc7 24. Rh5 e5 25. Ne4 Kb6 26. a3 a5 27. Nc3 Kc7 28. Na4 c4 29. bxc4 Re8 30. Rdh1 Rh8 31. Nc3 Kb6 32. Rh6 Rf8 33. Rxh7 Rxh7 34. Rxh7 f5 35. Na4+ 1-0

[Event "Sparkassen Chess Trophy 2024 A-Open"]
[Site "Dortmund"]
[Date "2024.08.15"]
[Round "6"]
[White "Cornelisse, Sam"]
[Black "Bernig Le Duigou, Vincent"]
[Result "0-1"]
[WhiteElo "2119"]
[BlackElo "1876"]
[PlyCount "46"]
[EventDate "2024.08.10"]

1. d4 Nf6 2. Nf3 g5 3. c4 c5 4. Nc3 cxd4 5. Nxd4 Nc6 6. e4 Bg7 7. Be2 Nxe4 8. Nxc6 Bxc3+ 9. bxc3 dxc6 10. Qc2 Qa5 11. O-O Qxc3 12. Qxe4 Bf5 13. Qf4 Qxa1 14. g4 Be6 15. Rd1 Rd8 16. Rxd8+ Kxd8 17. Kg2 Kc8 18. Be3 Qxa2 19. Qe5 Rd8 20. Bf4 Rd6 21. Qh8+ Kd7 22. Bf3 Qxc4 23. Bxd6 exd6 0-1

[Event "Sparkassen Chess Trophy 2024 A-Open"]
[Site "Dortmund"]
[Date "2024.08.15"]
[Round "6"]
[White "Burkart, Lloyd Shang"]
[Black "Van Amerongen, Arjen"]
[Result "0-1"]
[WhiteElo "2123"]
[BlackElo "2011"]
[PlyCount "48"]
[EventDate "2024.08.10"]

1. d4 g6 2. e4 Bg7 3. c4 Nc6 4. d5 Nd4 5. Be3 c5 6. Nc3 e5 7. dxe6 dxe6 8. Nge2 Ne7 9. Qd2 Nec6 10. O-O-O Qa5 11. Kb1 O-O 12. h4 Rd8 13. Qc1 a6 14. h5 b5 15. hxg6 fxg6 16. Bh6 Bh8 17. Bg5 Rf8 18. Nf4 b4 19. Nce2 Rb8 20. Qe3 b3 21. a3 Nxe2 22. Qh3 Rb7 23. Be7 Rf7 24. Nxg6 Nc3+ {Erfassung abgebrochen - unleserlich} 0-1

[Event "Sparkassen Chess Trophy 2024 A-Open"]
[Site "Dortmund"]
[Date "2024.08.15"]
[Round "6"]
[White "Tomasjan, Samuel"]
[Black "Giacomini, Hector"]
[Result "1-0"]
[WhiteElo "2011"]
[BlackElo "2125"]
[PlyCount "49"]
[EventDate "2024.08.10"]

1. e4 c6 2. d4 d5 3. exd5 cxd5 4. c4 Nf6 5. Nc3 Nc6 6. Bg5 e6 7. cxd5 exd5 8. Nf3 Be7 9. h3 O-O 10. Bd3 Be6 11. O-O Re8 12. a3 Rc8 13. Bc2 a6 14. Re1 Na5 15. Ne5 Nc4 16. Nxc4 dxc4 17. Qd2 Qd7 18. Re5 Nd5 19. Nxd5 Bxd5 20. Bxe7 Rxe7 21. Bf5 Be6 22. Rae1 Ree8 23. Qe3 Kf8 24. Bxh7 Rcd8 25. d5 1-0

[Event "Sparkassen Chess Trophy 2024 A-Open"]
[Site "Dortmund"]
[Date "2024.08.15"]
[Round "6"]
[White "Kiese, Matthias"]
[Black "Stevens, Titus"]
[Result "1/2-1/2"]
[WhiteElo "2106"]
[BlackElo "2005"]
[PlyCount "102"]
[EventDate "2024.08.10"]

1. d4 Nf6 2. Nf3 g6 3. Bf4 Bg7 4. e3 d6 5. Be2 Nh5 6. Bg5 h6 7. Bh4 g5 8. Nfd2 Nf4 9. exf4 gxh4 10. c3 Bf5 11. O-O Nd7 12. Bg4 Bh7 13. f5 c6 14. Re1 O-O 15. Bh3 Qb6 16. Nc4 Qa6 17. Nbd2 b5 18. Ne3 b4 19. cxb4 Rab8 20. a3 Bxd4 21. Qg4+ Bg7 22. Nec4 d5 23. Na5 c5 24. Rxe7 Nf6 25. Qe2 Qxe2 26. Rxe2 Rfc8 27. Nf3 cxb4 28. axb4 Rxb4 29. g3 hxg3 30. hxg3 Bf8 31. Ne5 Rb6 32. Nd3 Ra6 33. g4 Bd6 34. Kg2 Kf8 35. f4 Ne4 36. Ne5 Bg8 37. Kf3 f6 38. Nd3 Rb8 39. Rc2 Bf7 40. Ke3 Bb4 41. Nc6 Rxa1 42. Nxb8 Ba5 43. Bg2 Bb6+ 44. Ke2 Ke7 45. Nc6+ Kd6 46. Ncb4 Rg1 47. Bf3 Ng3+ 48. Kd2 Nf1+ 49. Ke2 Ng3+ 50. Kd2 Nf1+ 51. Ke2 Ng3+ 1/2-1/2

[Event "Sparkassen Chess Trophy 2024 A-Open"]
[Site "Dortmund"]
[Date "2024.08.15"]
[Round "6"]
[White "Lettko, Michael"]
[Black "Weigand, Anton"]
[Result "1/2-1/2"]
[WhiteElo "1937"]
[BlackElo "2115"]
[PlyCount "38"]
[EventDate "2024.08.10"]

1. e4 c5 2. Nf3 e6 3. c4 Nc6 4. Nc3 Nd4 5. Be2 Ne7 6. Nxd4 cxd4 7. Nb1 Ng6 8. d3 Be7 9. O-O O-O 10. f4 f5 11. exf5 Rxf5 12. Bg4 Rf8 13. Qe2 Nh4 14. Nd2 b6 15. Nf3 Bb7 16. b3 Qc7 17. Nxh4 Bxh4 18. Bf3 Rae8 19. g3 Be7 1/2-1/2

[Event "Sparkassen Chess Trophy 2024 A-Open"]
[Site "Dortmund"]
[Date "2024.08.15"]
[Round "6"]
[White "Brotto, Alessandro"]
[Black "Frayna, Janelle Mae"]
[Result "1/2-1/2"]
[WhiteElo "2037"]
[BlackElo "2162"]
[PlyCount "129"]
[EventDate "2024.08.10"]

1. e4 g6 2. d4 Bg7 3. Nc3 d6 4. Be3 c6 5. Qd2 Nf6 6. Bd3 b5 7. Bh6 Bxh6 8. Qxh6 b4 9. Nce2 Qa5 10. Nf3 Qh5 11. Qd2 Bg4 12. Qxb4 Bxf3 13. Ng3 Qh4 14. Qb7 O-O 15. Qxa8 Bxg2 16. Rg1 Bf3 17. Qxa7 Qxh2 18. Ne2 Nbd7 19. O-O-O Qxf2 20. Rde1 e5 21. Kb1 Bxe2 22. Bxe2 Qxd4 23. Qxd4 exd4 24. Rd1 c5 25. c3 dxc3 26. Rxd6 cxb2 27. Kxb2 Kg7 28. Rf1 Rb8+ 29. Kc2 Rb7 30. Ba6 Nxe4 31. Rxg6+ fxg6 32. Bxb7 Ng3 33. Re1 Nf5 34. a4 Kf6 35. a5 Ne5 36. a6 Nd4+ 37. Kd1 Nb5 38. Rf1+ Ke6 39. Ke2 Nc4 40. Rh1 h5 41. Rc1 Ncd6 42. Rxc5 Na7 43. Rg5 Kf6 44. Rd5 Ke6 45. Rg5 Kf6 46. Rg1 g5 47. Rc1 h4 48. Rc5 g4 49. Ke3 g3 50. Bg2 Ke6 51. Bh3+ Kf6 52. Kf4 Ndb5 53. Rc4 Ke7 54. Ke5 Kd8 55. Ke6 Nc7+ 56. Kd6 Nxa6 57. Rxh4 Nc8+ 58. Kc6 Ne7+ 59. Kd6 Nc8+ 60. Kc6 Ne7+ 61. Kb6 Nc7 62. Rd4+ Ncd5+ 63. Kc5 Ke8 64. Kd6 g2 65. Bxg2 1/2-1/2

[Event "Sparkassen Chess Trophy 2024 A-Open"]
[Site "Dortmund"]
[Date "2024.08.15"]
[Round "6"]
[White "Schwibbert, Jonas"]
[Black "Winkler, Yonathan"]
[Result "0-1"]
[WhiteElo "2147"]
[BlackElo "2047"]
[PlyCount "104"]
[EventDate "2024.08.10"]

1. d4 d5 2. Nf3 Nf6 3. c4 c6 4. Nc3 dxc4 5. a4 Bf5 6. Nh4 e6 7. Nxf5 exf5 8. e3 Bd6 9. Bxc4 O-O 10. Qf3 g6 11. h3 h5 12. O-O Bc7 13. b3 Nbd7 14. Ba3 Re8 15. Rfd1 Nb6 16. Rac1 Bd6 17. Bb2 Qe7 18. d5 cxd5 19. Bxd5 Nbxd5 20. Nxd5 Nxd5 21. Rxd5 Ba3 22. Bxa3 Qxa3 23. Rc7 Qxb3 24. Rdd7 Rab8 25. Rxb7 Rxb7 26. Qxb7 Qxb7 27. Rxb7 a6 28. Rb6 Re6 29. a5 h4 30. Kf1 Kf8 31. Ke2 Ke7 32. Rb4 Kf6 33. Kd3 g5 34. Kc4 Rc6+ 35. Kd5 Rc2 36. Rb6+ Kg7 37. Rxa6 Rxf2 38. Rc6 Rxg2 39. Ke5 g4 40. Kxf5 gxh3 41. Rc1 Ra2 42. Kg4 h2 43. Rh1 Rxa5 44. Rxh2 Ra4+ 45. Kg5 Re4 46. Rh3 f6+ 47. Kf5 Re5+ 48. Kg4 Kg6 49. Kxh4 Re4+ 50. Kg3 Rxe3+ 51. Kg2 Rxh3 52. Kxh3 Kf5 0-1

[Event "Sparkassen Chess Trophy 2024 A-Open"]
[Site "Dortmund"]
[Date "2024.08.15"]
[Round "6"]
[White "Michalke, Guenter"]
[Black "Kurt, Sascha"]
[Result "1/2-1/2"]
[WhiteElo "2174"]
[BlackElo "2064"]
[PlyCount "124"]
[EventDate "2024.08.10"]

1. Nf3 Nf6 2. g3 g6 3. Bg2 Bg7 4. O-O O-O 5. d4 d6 6. c4 Nc6 7. Nc3 e5 8. dxe5 dxe5 9. Bg5 h6 10. Qxd8 Rxd8 11. Bxf6 Bxf6 12. Nd5 Kg7 13. Nxc7 Rb8 14. e4 Be7 15. Nd5 Bc5 16. Rab1 a5 17. Ne1 Be6 18. Nd3 Bd4 19. Rfc1 Rdc8 20. c5 Nb4 21. N5xb4 axb4 22. Nxb4 Rxc5 23. Rxc5 Bxc5 24. Nd3 Bd4 25. b3 Ra8 26. Nc1 Rc8 27. Ne2 Bb6 28. Rc1 Rd8 29. Rc2 Rd1+ 30. Bf1 Bh3 31. Rc1 Bxf1 32. Rxd1 Bxe2 33. Rd7 Ba6 34. b4 Bd4 35. a4 b6 36. Kg2 Bd3 37. f3 Kf6 38. Rc7 Kg7 39. h4 Kf8 40. g4 Ke8 41. h5 gxh5 42. gxh5 f5 43. exf5 Bxf5 44. a5 Kd8 45. Rf7 bxa5 46. bxa5 Bd7 47. Rh7 Be3 48. a6 Kc8 49. a7 Bxa7 50. Rxh6 Bd4 51. Rg6 Bf5 52. Rf6 Bd3 53. h6 e4 54. Rf8+ Kd7 55. h7 exf3+ 56. Kxf3 Bxh7 57. Rf7+ Kc8 58. Rxh7 Kb8 59. Ke4 Ba7 60. Kd5 Ka8 61. Kc6 Bb8 62. Rh8 Ka7 1/2-1/2

[Event "Sparkassen Chess Trophy 2024 A-Open"]
[Site "Dortmund"]
[Date "2024.08.15"]
[Round "6"]
[White "Udelnov, Valentin"]
[Black "Pipiras, Filipa Fortuna"]
[Result "0-1"]
[WhiteElo "2037"]
[BlackElo "2192"]
[PlyCount "86"]
[EventDate "2024.08.10"]

1. e4 c5 2. Nf3 e6 3. d4 cxd4 4. Nxd4 Nc6 5. Nc3 Qc7 6. Be3 a6 7. g4 h6 8. Qd2 Nf6 9. f3 b5 10. Nxc6 dxc6 11. O-O-O e5 12. Qf2 Be6 13. Bb6 Qb7 14. Bc5 Bxc5 15. Qxc5 Nd7 16. Qd6 Rc8 17. Rg1 Qc7 18. Qd2 Qa5 19. Kb1 Nf8 20. b3 Ng6 21. Qe3 O-O 22. g5 hxg5 23. Rxg5 Rfd8 24. Rc1 Qc7 25. Qg1 Qd6 26. Nd1 Kf8 27. h4 Nxh4 28. Rxg7 Nxf3 29. Qg2 Nd2+ 30. Ka1 Qd4+ 31. c3 Qxe4 32. Rg8+ Ke7 33. Qg5+ f6 34. Rg7+ Bf7 35. Qh5 Rf8 36. Bh3 Rcd8 37. Bf5 Qf3 38. Bg4 Qf4 39. Kb2 Ne4 40. Qg6 Rd2+ 41. Kb1 Nd6 42. Bh5 Qf5+ 43. Ka1 Qxg6 0-1

[Event "Sparkassen Chess Trophy 2024 A-Open"]
[Site "Dortmund"]
[Date "2024.08.15"]
[Round "6"]
[White "Vollbehr, Bjarne"]
[Black "Riemland, Arnold"]
[Result "1/2-1/2"]
[WhiteElo "2019"]
[BlackElo "2112"]
[PlyCount "201"]
[EventDate "2024.08.10"]

1. d4 c5 2. d5 Nf6 3. c4 b5 4. cxb5 a6 5. b6 d6 6. Nc3 Nbd7 7. e4 g6 8. Nf3 Bg7 9. a4 a5 10. Bb5 O-O 11. Nd2 Nxb6 12. O-O Bb7 13. Nc4 Nxc4 14. Bxc4 Ba6 15. Bxa6 Rxa6 16. Qe2 Ra8 17. Ra2 Ne8 18. Nb5 Nc7 19. Bd2 Qd7 20. Nc3 Rfb8 21. Rb1 Rb3 22. Nd1 e6 23. Qc4 Rb7 24. Ne3 exd5 25. exd5 Qe7 26. Qd3 f5 27. Nc4 Qe4 28. Qxe4 fxe4 29. Nxd6 Rbb8 30. Nxe4 Nxd5 31. Nxc5 Bd4 32. Nd3 Bc3 33. b3 Rd8 34. Bg5 Rd6 35. Nf4 Nb4 36. Re2 Bf6 37. Bxf6 Rxf6 38. g3 g5 39. Nh5 Rf3 40. Re5 h6 41. g4 Nd3 42. Re3 Raf8 43. Ng3 Rxe3 44. fxe3 Ne5 45. h3 Nf3+ 46. Kh1 Rc8 47. Rf1 Nd2 48. Rf6 Rc3 49. Nf5 Nxb3 50. Rxh6 Rc4 51. Rb6 Nd2 52. Rb2 Nf3 53. Kg2 Ne1+ 54. Kf1 Nd3 55. Rd2 Nc1 56. Rd4 Rc2 57. Rd5 Nb3 58. Rb5 Nd2+ 59. Ke1 Nf3+ 60. Kd1 Rd2+ 61. Kc1 Rh2 62. Rxa5 Rxh3 63. Nd4 Rh1+ 64. Kb2 Nd2 65. Rxg5+ Kf7 66. Rf5+ Ke7 67. Kc2 Nc4 68. Kc3 Rc1+ 69. Kb4 Nd6 70. Rc5 Rb1+ 71. Nb3 Rg1 72. Rc7+ Kf6 73. a5 Rxg4+ 74. Nd4 Nf5 75. Kc5 Nxe3 76. a6 Rg5+ 77. Kc6 Nd5 78. Rb7 Ne7+ 79. Kc7 Rc5+ 80. Kb6 Rc4 81. Nb5 Rc6+ 82. Ka5 Nc8 83. Na7 Nxa7 84. Rxa7 Rc1 85. Rd7 Ke6 86. Rd2 Ra1+ 87. Kb6 Rb1+ 88. Ka7 Rb3 89. Rd8 Rb1 90. Rb8 Rh1 91. Rb6+ Kd5 92. Rg6 Kc5 93. Rg7 Kc6 94. Rb7 Rh8 95. Rb2 Rh7+ 96. Ka8 Rh1 97. a7 Kc7 98. Rc2+ Kb6 99. Rc8 Rh7 100. Rb8+ Ka6 101. Rg8 1/2-1/2

[Event "Sparkassen Chess Trophy 2024 A-Open"]
[Site "Dortmund"]
[Date "2024.08.15"]
[Round "6"]
[White "Mainka, Gregor"]
[Black "Harutyunyan, Hovhannes"]
[Result "1-0"]
[WhiteElo "2210"]
[BlackElo "1992"]
[PlyCount "77"]
[EventDate "2024.08.10"]

1. Nf3 e6 2. d4 Nf6 3. e3 d5 4. Bd3 c5 5. b3 Nc6 6. O-O Bd7 7. Bb2 cxd4 8. exd4 Bd6 9. Nbd2 Qc7 10. c4 O-O 11. Re1 a5 12. a3 Bf4 13. Ne5 a4 14. b4 dxc4 15. Ndxc4 Nd5 16. g3 Bg5 17. Qh5 h6 18. Rad1 b5 19. Nd2 Be8 20. Qe2 Na7 21. f4 Be7 22. Rc1 Qb6 23. Ne4 f6 24. Nf3 Bf7 25. Nc5 Bxc5 26. dxc5 Qb7 27. Nd4 Nc7 28. Be4 Nd5 29. Bd3 Nc7 30. Be4 Nd5 31. f5 exf5 32. Nxf5 Be6 33. Nd6 Qd7 34. Rcd1 Nc7 35. Qh5 Bf7 36. Nxf7 Qxf7 37. Qxf7+ Rxf7 38. Bxa8 Nxa8 39. Re8+ 1-0

[Event "Sparkassen Chess Trophy 2024 A-Open"]
[Site "Dortmund"]
[Date "2024.08.15"]
[Round "6"]
[White "Engel, Bruno"]
[Black "Sommer, Justus"]
[Result "1/2-1/2"]
[WhiteElo "2211"]
[BlackElo "2075"]
[PlyCount "43"]
[EventDate "2024.08.10"]

1. Nf3 Nf6 2. g3 d5 3. Bg2 e6 4. O-O Be7 5. d3 b6 6. Nbd2 Bb7 7. e4 c5 8. Qe2 Nc6 9. e5 Nd7 10. Re1 Qc7 11. a3 O-O-O 12. c3 Rhe8 13. b4 f6 14. d4 fxe5 15. dxe5 g5 16. Nb3 Rg8 17. b5 Na5 18. Nxa5 bxa5 19. c4 d4 20. Nd2 Bxg2 21. Kxg2 Rdf8 22. Qe4 1/2-1/2

[Event "Sparkassen Chess Trophy 2024 A-Open"]
[Site "Dortmund"]
[Date "2024.08.15"]
[Round "6"]
[White "Herrmann, Jakob"]
[Black "Steinmetzer, Thomas"]
[Result "0-1"]
[WhiteElo "2065"]
[BlackElo "2215"]
[PlyCount "106"]
[EventDate "2024.08.10"]

1. d4 d5 2. c4 e6 3. Nc3 Nf6 4. cxd5 Nxd5 5. Bd2 c5 6. e4 cxd4 7. Nxd5 exd5 8. Qa4+ Nc6 9. Bb5 dxe4 10. Bxc6+ bxc6 11. Qxc6+ Bd7 12. Qxe4+ Qe7 13. Qxe7+ Bxe7 14. Nf3 Bf6 15. Bb4 O-O-O 16. O-O Kb7 17. Rfd1 Bf5 18. Rd2 Kb6 19. Rad1 a5 20. Ba3 d3 21. h3 h5 22. Re1 Rhe8 23. Re3 g5 24. Rxe8 Rxe8 25. g4 hxg4 26. hxg4 Be4 27. Ne1 Bd4 28. Bd6 Rd8 29. Bh2 Ka7 30. Kf1 Bxb2 31. Bg1 Ka8 32. f3 Bg6 33. Be3 Bc1 34. Bxg5 Rd5 35. Bf4 Bxd2 36. Bxd2 a4 37. f4 f5 38. g5 Bh5 39. Kf2 Rd6 40. Ng2 Re6 41. Ne3 Kb7 42. a3 Re4 43. Kg3 Bg6 44. Kf3 Kc6 45. Kg3 Kc5 46. Kf3 Kd4 47. Nf1 Bh5+ 48. Kg3 Re2 49. Kh4 Bg6 50. Kg3 Kc4 51. Bb4 Kb3 52. Nd2+ Rxd2 53. Bxd2 Kc2 0-1

[Event "Sparkassen Chess Trophy 2024 A-Open"]
[Site "Dortmund"]
[Date "2024.08.15"]
[Round "6"]
[White "Schaller, Fabian"]
[Black "Spriestersbach, Kai"]
[Result "1-0"]
[WhiteElo "2086"]
[BlackElo "2164"]
[PlyCount "83"]
[EventDate "2024.08.10"]

1. d4 Nf6 2. Nc3 d5 3. Bf4 g6 4. e3 Bg7 5. h4 h5 6. Be2 O-O 7. Qd2 c5 8. O-O-O cxd4 9. exd4 Nc6 10. f3 Bf5 11. g4 hxg4 12. Bd3 Bxd3 13. Qxd3 Nh5 14. Bg5 g3 15. Nge2 Qa5 16. Rhg1 a6 17. Kb1 Rac8 18. Nxg3 Nxg3 19. Rxg3 Nxd4 20. Bd2 Nxc2 21. Qxc2 Qc7 22. Rdg1 d4 23. Bh6 Qe5 24. f4 Qh5 25. Bxg7 Kxg7 26. Qe2 Qf5+ 27. Qe4 Rc5 28. Qxf5 Rxf5 29. Ne2 Rh8 30. Rh1 Kf6 31. Rd3 Rfh5 32. Rxd4 Rxh4 33. Rxh4 Rxh4 34. Kc2 Rh5 35. Kd3 Rb5 36. b3 e5 37. fxe5+ Kxe5 38. Nc3 Rb6 39. Rc4 Kf5 40. Rc7 f6 41. Nd5 Rb5 42. Kc4 1-0

[Event "Sparkassen Chess Trophy 2024 A-Open"]
[Site "Dortmund"]
[Date "2024.08.15"]
[Round "6"]
[White "Mainka, Romuald"]
[Black "Zwirs, Jasper"]
[Result "1-0"]
[WhiteElo "2370"]
[BlackElo "2088"]
[PlyCount "137"]
[EventDate "2024.08.10"]

1. Nf3 d5 2. e3 Nf6 3. c4 c6 4. Qc2 e6 5. b3 b6 6. Bb2 Bb7 7. Nc3 Nbd7 8. Be2 Bd6 9. O-O O-O 10. d4 Qe7 11. a4 Bb4 12. Ne5 Rac8 13. Nd3 Bd6 14. a5 Rfd8 15. axb6 axb6 16. Ra7 Nf8 17. c5 Bb8 18. Raa1 b5 19. f4 N6d7 20. Kh1 f6 21. Bg4 Ng6 22. Bh3 e5 23. Ne2 e4 24. Ne1 Rf8 25. Ng3 Nh4 26. Qf2 f5 27. Ne2 Rf7 28. g3 Nf3 29. Nxf3 exf3 30. Ng1 Nf6 31. Nxf3 Ne4 32. Qg2 Rcf8 33. Nd2 Nxd2 34. Qxd2 Re8 35. Rfe1 h5 36. Bc3 g6 37. Ba5 Rf6 38. Qf2 Kf7 39. Bg2 Re6 40. Bd2 Rh8 41. Bf3 Qd7 42. Rg1 Ree8 43. Rg2 Bc7 44. h3 Ra8 45. Rgg1 Qe6 46. Kg2 Qe7 47. Qe2 Rag8 48. Kf2 Ra8 49. Rgf1 Qf6 50. Rfd1 Kg7 51. Bc3 Kf7 52. Rg1 Rhe8 53. Qd2 Qe7 54. Rge1 Qf6 55. Ba5 Bb8 56. Ra2 Rg8 57. Rea1 Re8 58. Qe1 h4 59. Kg2 hxg3 60. Qxg3 Rxe3 61. Bxd5+ Re6 62. Bxe6+ Qxe6 63. Qf3 Bc8 64. d5 cxd5 65. Re2 Qd6 66. b4 Bb7 67. Rae1 d4 68. Re7+ Kf8 69. Rxb7 1-0

[Event "Sparkassen Chess Trophy 2024 A-Open"]
[Site "Dortmund"]
[Date "2024.08.15"]
[Round "6"]
[White "Moeller, Maurin"]
[Black "Steinle, Carsten"]
[Result "1-0"]
[WhiteElo "2082"]
[BlackElo "2017"]
[PlyCount "65"]
[EventDate "2024.08.10"]

1. e4 e6 2. d4 d5 3. Nd2 Nf6 4. e5 Nfd7 5. Bd3 b6 6. c3 Ba6 7. Bxa6 Nxa6 8. Ne2 c5 9. Nf3 Qc7 10. Be3 cxd4 11. cxd4 Bb4+ 12. Kf1 O-O 13. Rc1 Qb7 14. h4 Rac8 15. Qd3 Rxc1+ 16. Bxc1 Rc8 17. h5 h6 18. g4 Be7 19. a3 Rc4 20. Kg2 Nac5 21. dxc5 Nxc5 22. Qd1 Rxg4+ 23. Kh3 Re4 24. Ng3 Rc4 25. Nd4 Nd7 26. f4 Bc5 27. Nge2 Bxd4 28. Nxd4 Nc5 29. Be3 f6 30. Rg1 Qf7 31. exf6 Qxf6 32. Rg6 Qf7 33. Qg4 1-0

[Event "Sparkassen Chess Trophy 2024 A-Open"]
[Site "Dortmund"]
[Date "2024.08.15"]
[Round "6"]
[White "Krams, Amatus"]
[Black "Wagner, Alexej"]
[Result "0-1"]
[WhiteElo "1902"]
[BlackElo "2201"]
[PlyCount "118"]
[EventDate "2024.08.10"]

1. e4 c5 2. Nc3 d6 3. d4 cxd4 4. Qxd4 Nc6 5. Qd2 Nf6 6. b3 e6 7. Bb2 d5 8. exd5 exd5 9. O-O-O Be6 10. f3 Qa5 11. Kb1 Bb4 12. Nge2 O-O-O 13. Nd4 Nxd4 14. Qxd4 Kb8 15. Nb5 Ka8 16. Qf4 Rc8 17. a3 Be7 18. Rd4 a6 19. Ra4 Qb6 20. Nc3 Bc5 21. Qd2 Be3 22. Qd3 Rhd8 23. Rb4 Qa7 24. Na4 b5 25. Rd4 Bf5 26. Qxe3 Bxc2+ 27. Ka2 bxa4 28. bxa4 Rb8 29. Qd2 Rdc8 30. Rb4 Rxb4 31. Qxb4 Rb8 32. Qd6 Bb3+ 33. Ka1 Qb6 34. Qxb6 Rxb6 35. a5 Re6 36. Bd3 Bc4 37. Rd1 Bxd3 38. Rxd3 Re1+ 39. Ka2 Re2 40. g4 Rxh2 41. g5 Nh5 42. Rxd5 Nf4 43. Rd8+ Kb7 44. Kb3 Ne6 45. Rd5 Kc6 46. Re5 Nc5+ 47. Kc4 Rc2+ 48. Bc3 Na4 49. Kb3 Rxc3+ 50. Kxa4 Rxf3 51. Kb4 Rf4+ 52. Kc3 Kd6 53. Re8 Ra4 54. Rf8 g6 55. Rh8 Rxa5 56. Rxh7 Ke6 57. Kb4 Rxg5 58. Rh8 a5+ 59. Kc4 Rf5 0-1

[Event "Sparkassen Chess Trophy 2024 A-Open"]
[Site "Dortmund"]
[Date "2024.08.15"]
[Round "6"]
[White "Keyser, Robin"]
[Black "Beisteiner, Joachim"]
[Result "0-1"]
[WhiteElo "2229"]
[BlackElo "2089"]
[PlyCount "86"]
[EventDate "2024.08.10"]

1. c4 e6 2. Nf3 d5 3. g3 Nf6 4. Bg2 Be7 5. d4 O-O 6. O-O c6 7. Qc2 b6 8. Rd1 Nbd7 9. b3 h6 10. Nc3 Ba6 11. e4 Rc8 12. Bf4 b5 13. exd5 cxd5 14. c5 b4 15. Na4 Bb5 16. Nb2 a5 17. Nd3 Ne4 18. a3 g5 19. Bd2 Nxd2 20. Qxd2 Bxd3 21. Qxd3 g4 22. Ne1 Rb8 23. Qe2 h5 24. Nd3 bxa3 25. Rxa3 Bg5 26. h3 gxh3 27. Bxh3 h4 28. gxh4 Bh6 29. Qh5 Kh7 30. Kh1 Nf6 31. Qf3 Ne4 32. h5 Qh4 33. Kh2 f5 34. Rxa5 Rxb3 35. Ra7+ Kh8 36. c6 Rxd3 37. Rxd3 Nxf2 38. Ra2 Bf4+ 39. Kg2 Rg8+ 40. Kf1 Nxd3 41. Qxd3 Rg3 42. Ra8+ Kg7 43. h6+ Qxh6 0-1

[Event "Sparkassen Chess Trophy 2024 A-Open"]
[Site "Dortmund"]
[Date "2024.08.15"]
[Round "6"]
[White "Kosev, Momchil"]
[Black "Noeldner, Julian"]
[Result "0-1"]
[WhiteElo "1988"]
[BlackElo "2189"]
[PlyCount "168"]
[EventDate "2024.08.10"]

1. d4 Nf6 2. c4 e6 3. g3 c5 4. d5 exd5 5. cxd5 g6 6. Nc3 d6 7. Bg2 Bg7 8. Nf3 O-O 9. O-O Re8 10. Bf4 Bf5 11. Nh4 Bg4 12. h3 Nh5 13. Bd2 Bxc3 14. hxg4 Bxd2 15. Qxd2 Nf6 16. g5 Ne4 17. Qd3 Qe7 18. f4 Na6 19. a3 c4 20. Qxe4 Qxe4 21. Bxe4 Rxe4 22. Kf2 Rae8 23. Rfe1 Nc5 24. Nf3 b5 25. Rad1 a6 26. Nh2 Kg7 27. Ng4 R4e7 28. Kf3 Nd3 29. e4 Nxe1+ 30. Rxe1 Rc8 31. Rc1 a5 32. e5 b4 33. axb4 axb4 34. Nf6 dxe5 35. d6 Re6 36. d7 Rd8 37. fxe5 Rxe5 38. Rxc4 Rf5+ 39. Kg4 Rxf6 40. gxf6+ Kxf6 41. Rf4+ Ke6 42. Re4+ Kxd7 43. Rxb4 Ke6 44. Re4+ Kf6 45. Rf4+ Kg7 46. Rb4 h5+ 47. Kh3 g5 48. Rb7 Rd2 49. g4 Rd3+ 50. Kg2 hxg4 51. b4 Kg6 52. b5 Rd8 53. Kg3 Rd3+ 54. Kg2 Rb3 55. b6 f6 56. Rb8 Kf5 57. b7 Rb2+ 58. Kg3 Rb3+ 59. Kg2 Rb6 60. Kg3 Rb2 61. Ra8 Rb3+ 62. Kg2 Rxb7 63. Rf8 Rb2+ 64. Kg3 Rb3+ 65. Kg2 Ra3 66. Rf7 Rf3 67. Rf8 Kg6 68. Rg8+ Kf7 69. Ra8 f5 70. Ra7+ Kg6 71. Ra6+ Kh5 72. Ra8 Rb3 73. Rh8+ Kg6 74. Rg8+ Kf6 75. Rf8+ Ke5 76. Ra8 Rb4 77. Kg3 Rb3+ 78. Kg2 f4 79. Ra5+ Ke4 80. Rxg5 Rb2+ 81. Kh1 Kf3 82. Rc5 Rb1+ 83. Kh2 g3+ 84. Kh3 Rh1# 0-1

[Event "Sparkassen Chess Trophy 2024 A-Open"]
[Site "Dortmund"]
[Date "2024.08.15"]
[Round "6"]
[White "Dornieden, Jonas"]
[Black "Collin, Moritz Valentin"]
[Result "0-1"]
[WhiteElo "2075"]
[BlackElo "2234"]
[PlyCount "40"]
[EventDate "2024.08.10"]

1. e4 c5 2. c3 d5 3. exd5 Qxd5 4. d4 Nf6 5. Nf3 e6 6. Na3 Nc6 7. Be3 Ng4 8. Nb5 Nxe3 9. fxe3 Qd8 10. Qd3 a6 11. Na3 cxd4 12. cxd4 Qa5+ 13. Nd2 Bxa3 14. bxa3 O-O 15. Be2 e5 16. O-O exd4 17. exd4 Be6 18. Rf4 Rad8 19. Bf3 Nxd4 20. Qe3 Qxd2 0-1

[Event "Sparkassen Chess Trophy 2024 A-Open"]
[Site "Dortmund"]
[Date "2024.08.15"]
[Round "6"]
[White "Ferro, Mario"]
[Black "Kruse, Victor"]
[Result "1/2-1/2"]
[WhiteElo "2235"]
[BlackElo "2063"]
[PlyCount "72"]
[EventDate "2024.08.10"]

1. d4 d5 2. Nf3 Nf6 3. c3 Bf5 4. Qb3 Qc8 5. c4 dxc4 6. Qxc4 Nbd7 7. Nc3 e6 8. Nh4 Be7 9. Nxf5 exf5 10. Bf4 c6 11. g3 O-O 12. Bg2 Nb6 13. Qb3 Qe6 14. Qxe6 fxe6 15. O-O Rad8 16. Rfd1 Rd7 17. a4 g5 18. e4 Bb4 19. d5 Bxc3 20. bxc3 cxd5 21. exf5 exf5 22. Be3 Nc4 23. Bd4 Ne4 24. Rab1 Rc8 25. Rb5 Kf7 26. f3 Nf6 27. Kf2 Rcd8 28. Bf1 Rc8 29. h3 Ne8 30. g4 Rc6 31. Bd3 fxg4 32. hxg4 Ned6 33. Rxd5 Nb2 34. Rd2 Nxd3+ 35. Rxd3 Ke6 36. Be5 Nc4 1/2-1/2